| 000 | 00440nam a22001697a 4500 | ||
|---|---|---|---|
| 003 | NUST - PNEC | ||
| 005 | 20170116181128.0 | ||
| 008 | 151006b xxu||||| |||| 00| 0 eng d | ||
| 020 | _a0631188738 | ||
| 040 | _cLIBRARY | ||
| 082 | _a658.31124 AND | ||
| 100 |
_913815 _aAnderson, Neil |
||
| 245 |
_aSuccessful selection interviewing _cNeil Anderson |
||
| 260 | _cc.1993 | ||
| 650 |
_913819 _aEmployee selection _xMIS |
||
| 942 |
_2ddc _cBK |
||
| 999 |
_c69849 _d69849 |
||